[Event "Biel MTO op"]
[Site "Biel"]
[Date "1991.??.??"]
[Round "2"]
[White "Blatny, Pavel"]
[Black "Streitberg, Petr"]
[Result "1-0"]
[WhiteElo "2480"]
[BlackElo "2285"]
[PlyCount "49"]
[EventDate "1991.07.??"]
[EventType "swiss"]
[EventRounds "11"]
[EventCountry "SUI"]
[SourceTitle "EXT 2000"]
[Source "ChessBase"]
[SourceDate "1999.11.16"]
[SourceVersion "1"]
[SourceVersionDate "1999.11.16"]
[SourceQuality "1"]

1. d4 d5 2. Nf3 Nf6 3. Bf4 e6 4. e3 Bd6 5. Bg3 Bxg3 6. hxg3 b6 7. Ne5 c6 8. Nd2 Qd6 9. c3 Nfd7 10. f4 Nxe5 11. fxe5 Qe7 12. Qg4 g6 13. Rh6 Ba6 14. 0-0-0 c5 15. Nf3 c4 16. Ng5 Nc6 17. Be2 b5 18. Rf1 Nd8 19. Nxh7 Rxh7 20. Rxh7 b4 21. Bd1 Rb8 22. Bc2 bxc3 23. bxc3 Qa3+ 24. Kd2 Qxa2 25. Rfxf7 1-0

[Event "Biel-C"]
[Site "Biel"]
[Date "1990.??.??"]
[Round "7"]
[White "Flueckiger, Christian"]
[Black "Streitberg, Petr"]
[Result "1/2-1/2"]
[WhiteElo "2275"]
[BlackElo "2285"]
[PlyCount "28"]
[EventDate "1990.07.??"]
[EventType "swiss"]
[EventRounds "11"]
[EventCountry "SUI"]
[SourceTitle "EXT 1997"]
[Source "ChessBase"]
[SourceDate "1996.11.15"]
[SourceVersion "1"]
[SourceVersionDate "1996.11.15"]
[SourceQuality "1"]

1. e4 d5 2. exd5 Nf6 3. c4 e6 4. dxe6 Bxe6 5. d4 Bb4+ 6. Bd2 Qe7 7. Be2 Nc6 8. d5 Nxd5 9. cxd5 Bxd5 10. Kf1 0-0-0 11. Nc3 Ne5 12. Qc2 Bc4 13. h4 Rd7 14. Rh3 Rhd8 1/2-1/2

[Event "Biel-C"]
[Site "Biel"]
[Date "1990.??.??"]
[Round "1"]
[White "Horn, Pascal"]
[Black "Streitberg, Petr"]
[Result "1-0"]
[WhiteElo "2320"]
[BlackElo "2285"]
[PlyCount "57"]
[EventDate "1990.07.??"]
[EventType "swiss"]
[EventRounds "11"]
[EventCountry "SUI"]
[SourceTitle "EXT 1997"]
[Source "ChessBase"]
[SourceDate "1996.11.15"]
[SourceVersion "1"]
[SourceVersionDate "1996.11.15"]
[SourceQuality "1"]

1. e4 d5 2. exd5 Nf6 3. d4 Nxd5 4. a3 g6 5. Nf3 Bg7 6. Be2 0-0 7. 0-0 Nc6 8. b4 e5 9. c4 e4 10. cxd5 exf3 11. dxc6 fxe2 12. Qxe2 Qxd4 13. Ra2 Qb6 14. Rc2 bxc6 15. Be3 Ba6 16. Qf3 Qb7 17. Rfc1 Bb5 18. Nc3 Bc4 19. Ne4 Be6 20. Rxc6 Bf5 21. Nc5 Qc8 22. Bf4 a5 23. b5 Bg4 24. Qg3 Be2 25. b6 Qe8 26. Rxc7 Rd8 27. h3 Rd1+ 28. Rxd1 Bxd1 29. b7 1-0

[Event "Prague Bohemians-B"]
[Site "Prague"]
[Date "1989.??.??"]
[Round "?"]
[White "Streitberg, Petr"]
[Black "Choleva, Zdenek"]
[Result "1/2-1/2"]
[WhiteElo "2275"]
[BlackElo "2235"]
[PlyCount "121"]
[EventDate "1989.01.??"]
[EventType "tourn"]
[EventRounds "13"]
[EventCountry "CZE"]
[EventCategory "4"]
[SourceTitle "EXT 1997"]
[Source "ChessBase"]
[SourceDate "1996.11.15"]
[SourceVersion "1"]
[SourceVersionDate "1996.11.15"]
[SourceQuality "1"]

1. d4 Nf6 2. c4 e5 3. dxe5 Ng4 4. Bf4 g5 5. Bd2 Nxe5 6. Nf3 Bg7 7. Nxe5 Bxe5 8. Bc3 Qf6 9. Bxe5 Qxe5 10. Nc3 d6 11. e3 Be6 12. Qb3 Nd7 13. Qxb7 Rb8 14. Qxc7 Rxb2 15. Rc1 0-0 16. Be2 Nc5 17. 0-0 Rb7 18. Qa5 f5 19. Bf3 Rbf7 20. Bd5 f4 21. exf4 Rxf4 22. Bxe6+ Qxe6 23. Nd5 Re4 24. Rce1 Nd3 25. Rxe4 Qxe4 26. Ne3 h6 27. Qd5+ Qxd5 28. cxd5 Rb8 29. Rd1 Ne5 30. Nf5 Nf7 31. g3 Rb2 32. Rc1 Rxa2 33. Rc6 g4 34. Nxd6 Ng5 35. Rc8+ Kh7 36. Rf8 Rd2 37. Kg2 Rxd5 38. Nf5 a5 39. Ne3 Rd4 40. Ra8 a4 41. Ra7+ Kg6 42. Ra6+ Kf7 43. Rxh6 Ne6 44. Rh7+ Kg6 45. Ra7 Ng5 46. Ra6+ Kf7 47. Ra5 Kg6 48. Nd5 Nf3 49. Nc3 Rc4 50. Ne2 Ne1+ 51. Kf1 Nd3 52. Nf4+ Nxf4 53. gxf4 Rxf4 54. Kg2 Kf6 55. h3 gxh3+ 56. Kxh3 Rf3+ 57. Kg4 Ra3 58. f4 Ra1 59. Ra6+ Kg7 60. Kg5 a3 61. Ra7+ 1/2-1/2

[Event "Prague Bohemians-B"]
[Site "Prague"]
[Date "1989.??.??"]
[Round "?"]
[White "Streitberg, Petr"]
[Black "Konopka, Michal"]
[Result "0-1"]
[WhiteElo "2275"]
[BlackElo "2405"]
[PlyCount "56"]
[EventDate "1989.01.??"]
[EventType "tourn"]
[EventRounds "13"]
[EventCountry "CZE"]
[EventCategory "4"]
[SourceTitle "EXT 1997"]
[Source "ChessBase"]
[SourceDate "1996.11.15"]
[SourceVersion "1"]
[SourceVersionDate "1996.11.15"]
[SourceQuality "1"]

1. d4 Nf6 2. c4 g6 3. g3 Bg7 4. Bg2 d5 5. Nf3 0-0 6. 0-0 Nc6 7. cxd5 Nxd5 8. Nc3 Nb6 9. d5 Na5 10. e4 c6 11. dxc6 Nxc6 12. Bf4 Bg4 13. h3 Be6 14. Qc1 Qc8 15. Kh2 Nb4 16. Rd1 Rd8 17. Rxd8+ Qxd8 18. Ne1 Rc8 19. Qd1 Qxd1 20. Rxd1 Bxc3 21. bxc3 Nxa2 22. Nf3 Nxc3 23. Ra1 Nba4 24. Nd4 Bd7 25. e5 b5 26. e6 fxe6 27. Re1 b4 28. Nxe6 b3 0-1

[Event "Dortmund op"]
[Site "Dortmund"]
[Date "1989.??.??"]
[Round "6"]
[White "Streitberg, Petr"]
[Black "Nagrocka, Ewa"]
[Result "0-1"]
[WhiteElo "2275"]
[BlackElo "2110"]
[PlyCount "102"]
[EventDate "1989.03.??"]
[EventType "swiss"]
[EventRounds "11"]
[EventCountry "GER"]
[SourceTitle "EXT 1997"]
[Source "ChessBase"]
[SourceDate "1996.11.15"]
[SourceVersion "1"]
[SourceVersionDate "1996.11.15"]
[SourceQuality "1"]

1. d4 b6 2. e4 Bb7 3. Bd3 e6 4. Nf3 Nf6 5. Qe2 d5 6. e5 Nfd7 7. Ng5 g6 8. h4 Nc6 9. c3 Qe7 10. h5 Bg7 11. h6 Bf8 12. Rh3 Nd8 13. Na3 a6 14. b4 c5 15. bxc5 bxc5 16. Rb1 Nb8 17. Nf3 Qc7 18. c4 cxd4 19. Kf1 Bc5 20. cxd5 Bxd5 21. Nc4 Ndc6 22. Bg5 0-0 23. Nfd2 Nd7 24. Rc1 Rfc8 25. f4 Nb4 26. Nd6 Nxa2 27. Rxc5 Nxc5 28. Nxc8 Rxc8 29. Bxa6 Nxa6 30. Qxa6 Qc1+ 31. Ke2 Ra8 32. Rb3 Qc8 33. Qxc8+ Rxc8 34. Ra3 Nc1+ 35. Kf1 Ra8 36. Rxa8+ Bxa8 37. Nc4 Kf8 38. Nd6 Nb3 39. Bf6 d3 40. Ke1 Bxg2 41. Bg7+ Ke7 42. Nc4 Bd5 43. Ne3 Bf3 44. Nc4 Bh5 45. Nd2 Nd4 46. Bf6+ Kd7 47. Bg5 Kc6 48. Bf6 Kd5 49. Be7 Nf5 50. Bf8 Kd4 51. Bg7 Kc3 0-1

[Event "Prague Bohemians-B"]
[Site "Prague"]
[Date "1989.??.??"]
[Round "?"]
[White "Streitberg, Petr"]
[Black "Wach, Markus"]
[Result "1-0"]
[WhiteElo "2275"]
[BlackElo "2235"]
[PlyCount "68"]
[EventDate "1989.01.??"]
[EventType "tourn"]
[EventRounds "13"]
[EventCountry "CZE"]
[EventCategory "4"]
[SourceTitle "EXT 1997"]
[Source "ChessBase"]
[SourceDate "1996.11.15"]
[SourceVersion "1"]
[SourceVersionDate "1996.11.15"]
[SourceQuality "1"]

1. d4 Nf6 2. g3 g6 3. Bg2 Bg7 4. e4 d6 5. Nc3 0-0 6. Nge2 Nc6 7. 0-0 e5 8. dxe5 dxe5 9. Bg5 Qxd1 10. Raxd1 h6 11. Be3 Bd7 12. Rd2 Rfd8 13. Rfd1 Bg4 14. Rxd8+ Rxd8 15. Rxd8+ Nxd8 16. h3 Bd7 17. Bxa7 b6 18. Bb8 Ne8 19. Nd5 Ne6 20. Nec3 Bf8 21. Bf1 Bc5 22. b4 Bd4 23. Nb5 Bxb5 24. Bxb5 Nd6 25. Bd3 Ng5 26. Bxc7 Ndxe4 27. Bxb6 Nxh3+ 28. Kg2 Bxb6 29. Nxb6 Nhxf2 30. Bxe4 Nxe4 31. a4 Nc3 32. a5 e4 33. a6 Nb5 34. c4 Na7 1-0

[Event "Warsaw Cup"]
[Site "Warsaw"]
[Date "1987.??.??"]
[Round "3"]
[White "Estremera Panos, Sergio"]
[Black "Streitberg, Petr"]
[Result "1/2-1/2"]
[WhiteElo "2330"]
[BlackElo "2230"]
[PlyCount "44"]
[EventDate "1987.04.??"]
[EventType "swiss"]
[EventRounds "11"]
[EventCountry "POL"]
[SourceTitle "EXT 2001"]
[Source "ChessBase"]
[SourceDate "2000.11.22"]
[SourceVersion "1"]
[SourceVersionDate "2000.11.22"]
[SourceQuality "1"]

1. d4 d5 2. c4 e6 3. Nf3 Nf6 4. Nc3 Be7 5. Bg5 0-0 6. e3 Nbd7 7. Rc1 c6 8. Bd3 dxc4 9. Bxc4 Nd5 10. Bxe7 Qxe7 11. 0-0 Nxc3 12. Rxc3 e5 13. Qc2 exd4 14. exd4 Nb6 15. Re3 Qd8 16. Bb3 Nd5 17. Re5 f6 18. Bxd5+ cxd5 19. Re3 Bg4 20. Rfe1 Bxf3 21. gxf3 Rc8 22. Qf5 g6 1/2-1/2

[Event "Warsaw Cup"]
[Site "Warsaw"]
[Date "1987.??.??"]
[Round "8"]
[White "Streitberg, Petr"]
[Black "Kojder, Konrad"]
[Result "1/2-1/2"]
[WhiteElo "2230"]
[BlackElo "2300"]
[PlyCount "22"]
[EventDate "1987.04.??"]
[EventType "swiss"]
[EventRounds "11"]
[EventCountry "POL"]
[SourceTitle "EXT 2001"]
[Source "ChessBase"]
[SourceDate "2000.11.22"]
[SourceVersion "1"]
[SourceVersionDate "2000.11.22"]
[SourceQuality "1"]

1. d4 Nf6 2. c4 e6 3. g3 d5 4. Bg2 Be7 5. Nf3 0-0 6. 0-0 b6 7. cxd5 exd5 8. Nc3 Bb7 9. Bf4 Na6 10. Ne5 c6 11. Qa4 b5 1/2-1/2

[Event "Prague Bohemians"]
[Site "Prague"]
[Date "1982.??.??"]
[Round "4"]
[White "Mokry, Karel"]
[Black "Streitberg, Petr"]
[Result "1/2-1/2"]
[WhiteElo "2420"]
[BlackElo "2215"]
[PlyCount "26"]
[EventDate "1982.01.??"]
[EventType "tourn"]
[EventRounds "13"]
[EventCountry "CSR"]
[SourceTitle "EXT 1998"]
[Source "ChessBase"]
[SourceDate "1997.11.17"]
[SourceVersion "1"]
[SourceVersionDate "1997.11.17"]
[SourceQuality "1"]

1. e4 e5 2. Nf3 d6 3. d4 exd4 4. Nxd4 Nf6 5. Nc3 g6 6. Bg5 Bg7 7. Qd2 h6 8. Bf4 g5 9. Bg3 Nh5 10. 0-0-0 Nxg3 11. hxg3 Nc6 12. Bb5 Bd7 13. Nce2 Qf6 1/2-1/2